00557nam a22001817a 4500008004100000020001800041050002200059100002600081245007700107250001200184260003100196300003300227650001600260650002500276650003000301700002300331700002100354170117b xxu||||| |||| 00| 0 eng d a9781259313431 aHF 5635 .L35 2014 aLibby, Robert.d2014. aFinancial Accounting/cRobert Libby, Patricia A. Libby, Daniel G. Short. a8th ed. aUSA.bMc Graw Hill.c2014. axxxviii, 641p.:bill.;c28cm aAccounting. aFinancial statement. aCorporationsxAccounting. aLibby, Patricia A. aShort, Daniel G.